| 000 | 00810cab a2200265 4500 | ||
|---|---|---|---|
| 001 | ABS55346 | ||
| 008 | 090401t1996 xxu||||| |||| 00| 0 eng d | ||
| 035 | _a(Sirsi) u15886 | ||
| 041 | _aeng | ||
| 100 | _aStorey, L | ||
| 245 | _aProfessional indemnity: surveyors` and valuers` guide | ||
| 260 | _c1996 | ||
| 350 | _a0 | ||
| 490 |
_aEstates Gazette _v(9626) 29 June 1996, 124-125(2) |
||
| 520 | _aAdvice to RICS members on professional indemnity insurance. Looks at who needs cover, the level of indemnity and how you or your firm are rated. | ||
| 650 | _aINSURANCE POLICIES | ||
| 650 | _aLIABILITY | ||
| 650 | _aNEGLIGENCE CLAIMS | ||
| 650 | _aNEGLIGENCE | ||
| 650 | _aPROFESSIONAL INDEMNITY INSURANCE | ||
| 650 | _aRICS | ||
| 690 |
_aInsurance _96249 |
||
| 942 | _n0 | ||
| 948 | _c04/03/1997 | ||
| 999 |
_c10459 _d10459 |
||